Teudo o memorias de un solitario

Guardat en:
Dades bibliogràfiques
Autors principals: Sanfuentes, Salvador (Autor), S. S. (Autor)
Format: Llibre
Idioma:espanyol
Publicat: Santiago Imprenta del Ferrocarril 1857
Edició:1a. ed
Matèries:
Etiquetes: Afegir etiqueta
Sense etiquetes, Sigues el primer a etiquetar aquest registre!

MARC

LEADER 00000nam a2200000 a 4500
001 UCJ5438
003 CL-VaPUC
008 070124e18571005CL |||||||||||||||||spa|d
082 0 4 |a Ch861  |b SAN  |2 21 
100 0 |a Sanfuentes, Salvador  |e author  |9 315181 
700 0 |a S. S.  |e author  |9 510618 
245 1 0 |a Teudo o memorias de un solitario 
250 |a 1a. ed 
300 |a 124 p 
942 |c BK 
945 |d 20070124 00:00:00  |a rinostro 
260 |a Santiago  |b Imprenta del Ferrocarril  |c 1857 
650 0 |a Poesía chilena   |9 268403 
583 |a last modification  |c 20070124 00:00:00  |k Rodrigo Vera 
999 |c 321547  |d 321545 
952 |0 0  |1 0  |4 0  |6 CH_861_000000000000000_SAN_1857  |7 0  |8 X  |9 400318  |a FDOBUD  |b FDOBUD  |d 2019-11-22  |i 1034618  |o Ch861 SAN 1857  |p 1034618  |r 2019-11-22  |w 2019-11-22  |y BK_X  |k BUD